[Event "Oslo SK1911-ch 2"]
[Site "Oslo"]
[Date "2016.??.??"]
[Round "1"]
[White "Fjellestad, Helge"]
[Black "Hem, Even Elias Yuan"]
[Result "1/2-1/2"]
[WhiteElo "1716"]
[BlackElo "1643"]
[PlyCount "33"]
[EventDate "2016.01.18"]
[EventType "swiss"]
[EventRounds "9"]
[EventCountry "NOR"]
[SourceTitle "EXT 2024"]
[Source "ChessBase"]
[SourceDate "2023.10.10"]
[SourceVersion "1"]
[SourceVersionDate "2023.10.10"]
[SourceQuality "1"]

1. c4 e5 2. g3 Nc6 3. Bg2 Nf6 4. Nc3 Bb4 5. e3 0-0 6. Nge2 Re8 7. e4 d6 8. a3 Bxc3 9. Nxc3 Be6 10. Nd5 Nd4 11. 0-0 c6 12. Nxf6+ Qxf6 13. d3 Qd8 14. Be3 c5 15. b4 Qb6 16. f4 f6 17. Rb1 1/2-1/2

[Event "Oslo SK1911-ch 2"]
[Site "Oslo"]
[Date "2016.??.??"]
[Round "2"]
[White "Hem, Even Elias Yuan"]
[Black "Julin, Trond"]
[Result "0-1"]
[WhiteElo "1643"]
[BlackElo "1484"]
[PlyCount "100"]
[EventDate "2016.01.18"]
[EventType "swiss"]
[EventRounds "9"]
[EventCountry "NOR"]
[SourceTitle "EXT 2024"]
[Source "ChessBase"]
[SourceDate "2023.10.10"]
[SourceVersion "1"]
[SourceVersionDate "2023.10.10"]
[SourceQuality "1"]

1. d4 d5 2. c4 c6 3. Nc3 h6 4. Nf3 Nf6 5. e3 Bf5 6. Qb3 Qb6 7. Qxb6 axb6 8. cxd5 cxd5 9. Nb5 Na6 10. Bd2 Rc8 11. Be2 e6 12. a3 Be7 13. 0-0 0-0 14. Rac1 Ne4 15. Nc3 Nxd2 16. Nxd2 Nb8 17. Bb5 Nc6 18. Nf3 Bd6 19. Kh1 Na5 20. Nd2 Rc7 21. b4 Rfc8 22. Ne2 Nc4 23. Nxc4 dxc4 24. Rc3 Bd3 25. Re1 e5 26. Nc1 e4 27. f3 f5 28. Kg1 h5 29. Kf2 h4 30. f4 g6 31. Rg1 Kg7 32. g4 hxg3+ 33. Kxg3 Rh8 34. Rg2 Kf6 35. Ne2 g5 36. Kf2 g4 37. Rc1 Ke6 38. Nc3 Rh3 39. Re1 Rch7 40. Kg1 Be7 41. Na4 Bh4 42. Rc1 Rc7 43. d5+ Kd6 44. Nxb6 c3 45. Ba4 Rxe3 46. Bc2 Re1+ 47. Rxe1 Bxe1 48. h3 Bxc2 49. Rxc2 Bd2 50. h4 Be3+ 0-1

[Event "Oslo op-B"]
[Site "Oslo"]
[Date "2014.09.28"]
[Round "8"]
[White "Smeby, Ole"]
[Black "Hem, Even Elias Yuan"]
[Result "1-0"]
[WhiteElo "2042"]
[BlackElo "1648"]
[PlyCount "53"]
[EventDate "2014.09.28"]
[EventType "swiss"]
[EventRounds "9"]
[EventCountry "NOR"]
[SourceTitle "EXT 2017"]
[Source "ChessBase"]
[SourceDate "2016.10.25"]
[SourceVersion "1"]
[SourceVersionDate "2016.10.25"]
[SourceQuality "1"]

1. d4 Nf6 2. Nf3 d5 3. e3 c5 4. c4 e6 5. Nc3 Nc6 6. cxd5 Nxd5 7. g3 cxd4 8. exd4 Bb4 9. Bd2 0-0 10. Bg2 Re8 11. 0-0 Nf6 12. Be3 Qa5 13. Qc2 Bd7 14. Ne4 Nd5 15. Neg5 g6 16. h4 Bf8 17. h5 Rac8 18. Qe4 Nce7 19. hxg6 Nxg6 20. Ne5 Nf6 21. Qf3 Bg7 22. Nxd7 Qd8 23. Nxf6+ Bxf6 24. Qh5 Qd7 25. Qxh7+ Kf8 26. Be4 Bxg5 27. Bxg5 1-0

[Event "NOR-ch U10"]
[Site "Oslo"]
[Date "2011.11.27"]
[Round "7"]
[White "Hem, Even Elias Yuan"]
[Black "Skaslien, Maria"]
[Result "1/2-1/2"]
[WhiteElo "792"]
[BlackElo "827"]
[PlyCount "36"]
[EventDate "2011.11.25"]
[EventType "swiss"]
[EventRounds "7"]
[EventCountry "NOR"]
[SourceTitle "EXT 2024"]
[Source "ChessBase"]
[SourceDate "2023.10.10"]
[SourceVersion "1"]
[SourceVersionDate "2023.10.10"]
[SourceQuality "1"]

1. d4 d5 2. c4 c6 3. Nc3 Nf6 4. Nf3 Bg4 5. e3 e6 6. a3 Be7 7. Be2 Nbd7 8. h3 Bxf3 9. Bxf3 0-0 10. Be2 Qc7 11. Qc2 c5 12. b3 cxd4 13. exd4 Rfe8 14. c5 b6 15. b4 bxc5 16. bxc5 Qa5 17. Bd2 Qc7 18. 0-0 e5 1/2-1/2